000 00352pab a2200145 454500
008 180718b1987 xxu||||| |||| 00| 0 eng d
100 _aRest, David Van
245 _aPolicies for major roads in urban areas in the UK
260 _c1987
300 _a236-52
362 _aAug.
650 _aTransportation - U.K
773 _aCities
909 _a19618
999 _c19618
_d19618